Chăn nuôi dê sữa

保存先:
書誌詳細
第一著者: ĐINH VĂN BÌNH
フォーマット: 図書
言語:Undetermined
出版事項: Hà Nội Nông Nghiệp 2001
主題:
タグ: タグ追加
タグなし, このレコードへの初めてのタグを付けませんか!
Thư viện lưu trữ: Trung tâm Học liệu Trường Đại học Cần Thơ
LEADER 00462nam a2200169Ia 4500
001 CTU_45571
008 210402s9999 xx 000 0 und d
082 |a 636.3 
082 |b B312/2001 
100 |a ĐINH VĂN BÌNH 
245 0 |a Chăn nuôi dê sữa 
245 0 |c ĐINH VĂN BÌNH 
260 |a Hà Nội 
260 |b Nông Nghiệp 
260 |c 2001 
650 |a goats - breeding 
980 |a Trung tâm Học liệu Trường Đại học Cần Thơ